| 000 | 01104cab a2200217 4500 | ||
|---|---|---|---|
| 001 | WB4019-02 | ||
| 008 | 040518n2004 000 0 eng u | ||
| 035 | _a(Sirsi) u126218 | ||
| 245 | _aBetter buildings | ||
| 260 | _c2004 | ||
| 490 |
_aODPM News Release _v(127) 18 May 2004 (3) |
||
| 520 | _aSustainable Buildings Task Group's report, 'Better buildings - better lives' suggests a new Code for Sustainable Building (CSB). This sets out best practice standards on energy efficiency, flood resilience, water consumption, greenhouse gas emissions and waste production. The main government departments have agreed to start work immediately on the main principles of the CSB. For the ODPM news release: http://www.odpm.gov.uk/pns/DisplayPN.cgi?pn_id=200 4_0127 For the report: http://www.constprod.org.uk/download/specrep/sbtg. pdf | ||
| 590 | _aWB | ||
| 650 | _aCODE FOR SUSTAINABLE BUILDINGS | ||
| 650 | _aSUSTAINABLE BUILDINGS TASK GROUP | ||
| 650 | _aENERGY EFFICIENCY | ||
| 650 | _aFLOOD RESILIENCE | ||
| 650 | _aGREENHOUSE GAS EMISSIONS | ||
| 690 | _aDEVELOPMENT-SUSTAINABLE | ||
| 942 | _n0 | ||
| 999 |
_c74402 _d74402 |
||